000 00600nam a2200157 a 4500
001 000029632
005 20200930055706.0
008 110419s2005 dr a 000 0 spa d
040 _aDO-SdBNP
_bspa
_cBNPHU
082 _axxx
110 1 _aCentro Dominicano de Asesoría e Investigaciones Legales.
_956444
245 1 0 _aConstruyendo una sociedad más justa desde nuestras comunidades :
_bInforme de la sistematización del programa de capacitación de los orientadores legales de CEDAIL/.
260 _aSanto Domingo; :
_bIntermón Oxfam:,
_c2005.
300 _a44 p. :
_bil. ;
_c26 cm.
049 _aBNPD
999 _c29124
_d29124